[Event "Gibtelecom 2009 Masters"]
[Site "Gibraltar ENG"]
[Date "2009.02.04"]
[Round "9.11"]
[White "Berg, Emanuel"]
[Black "Al Sayed, Mohamad N"]
[Result "1-0"]
[WhiteElo "2606"]
[BlackElo "2488"]
[PlyCount "111"]
[EventDate "2009.01.27"]
[EventType "swiss"]
[EventRounds "9"]
[EventCountry "ENG"]
[Source "lmi"]
[SourceDate "2009.01.27"]

1. e4 c6 2. d4 d5 3. Nc3 dxe4 4. Nxe4 Bf5 5. Ng3 Bg6 6. h4 h6 7. Nf3 Nd7 8. h5
Bh7 9. Bd3 Bxd3 10. Qxd3 e6 11. Bf4 Qa5+ 12. Bd2 Bb4 13. c3 Be7 14. c4 Qc7 15.
O-O-O Ngf6 16. Kb1 O-O 17. Qc2 Rac8 18. Rde1 b5 19. Nf5 exf5 20. Rxe7 Qd6 21.
Re2 bxc4 22. Nh4 Qxd4 23. Nxf5 Qd3 24. Qxd3 cxd3 25. Re3 Rce8 26. Rhe1 Rxe3 27.
Rxe3 Nxh5 28. Ne7+ Kh7 29. Nxc6 Ndf6 30. Rxd3 Ne4 31. Be3 f5 32. f3 Neg3 33.
Nxa7 Re8 34. b4 Nf1 35. Bc1 f4 36. b5 Ne3 37. Rb3 Nxg2 38. Bb2 Ng3 39. b6 h5
40. b7 h4 41. Nc8 h3 42. b8=Q h2 43. a4 h1=Q+ 44. Ka2 Nf5 45. Qb5 Rf8 46. Qc5
Rf7 47. Qd5 Rf8 48. Qc5 Rf7 49. Qd5 Rf8 50. a5 Nge3 51. Qc6 Qe1 52. Rb5 Qd1 53.
Nb6 Rf7 54. Qe8 Ra7 55. Qe4 Qd6 56. Nc8 1-0

[Event "Gibtelecom 2009 Masters"]
[Site "Gibraltar ENG"]
[Date "2009.02.04"]
[Round "9.15"]
[White "Golod, Vitali"]
[Black "Lovik, Lasse Ostebo"]
[Result "1-0"]
[WhiteElo "2575"]
[BlackElo "2184"]
[PlyCount "67"]
[EventDate "2009.01.27"]
[EventType "swiss"]
[EventRounds "9"]
[EventCountry "ENG"]
[Source "lmi"]
[SourceDate "2009.01.27"]

1. d4 d5 2. c4 c6 3. Nf3 e6 4. e3 Nf6 5. b3 Nbd7 6. Bb2 Ne4 7. Bd3 f5 8. O-O
Qc7 9. Nbd2 Bd6 10. a3 b6 11. b4 O-O 12. Rc1 Bb7 13. Nb3 c5 14. cxd5 exd5 15.
dxc5 bxc5 16. bxc5 Ndxc5 17. Nxc5 Nxc5 18. Nd4 Qd7 19. Bb5 Qf7 20. Bc6 Rab8 21.
Bc3 Bxc6 22. Nxc6 Rbc8 23. Nxa7 Qxa7 24. Qxd5+ Qf7 25. Qxd6 Ne4 26. Qb4 Rc4 27.
Qb2 Nc5 28. Qb1 Rh4 29. Be5 Ne6 30. f4 Qh5 31. Qb3 Qh6 32. h3 Re8 33. Rc7 Kf8
34. Bxg7+ 1-0

[Event "Gibtelecom 2009 Masters"]
[Site "Gibraltar ENG"]
[Date "2009.02.04"]
[Round "9.19"]
[White "Miedema, Roi"]
[Black "Berczes, David"]
[Result "0-1"]
[WhiteElo "2325"]
[BlackElo "2513"]
[PlyCount "50"]
[EventDate "2009.01.27"]
[EventType "swiss"]
[EventRounds "9"]
[EventCountry "ENG"]
[Source "lmi"]
[SourceDate "2009.01.27"]

1. d4 d5 2. c4 e6 3. Nf3 Nf6 4. g3 Bb4+ 5. Bd2 Be7 6. Bg2 O-O 7. O-O b6 8. Qc2
Ba6 9. b3 c5 10. dxc5 bxc5 11. Nc3 Nc6 12. cxd5 exd5 13. Rfe1 Rc8 14. Rad1 d4
15. Bg5 Nb4 16. Qb1 h6 17. Bxf6 Bxf6 18. a3 Nd3 19. exd3 dxc3 20. Re4 Bb7 21.
Ra4 Bc6 22. Rc4 Bd5 23. Ra4 Qb6 24. b4 cxb4 25. Rxb4 c2 0-1

[Event "Gibtelecom 2009 Masters"]
[Site "Gibraltar ENG"]
[Date "2009.02.04"]
[Round "9.23"]
[White "Cmilyte, Viktorija"]
[Black "Natalicchio Escalante, Nic"]
[Result "1-0"]
[WhiteElo "2497"]
[BlackElo "2238"]
[PlyCount "59"]
[EventDate "2009.01.27"]
[EventType "swiss"]
[EventRounds "9"]
[EventCountry "ENG"]
[Source "lmi"]
[SourceDate "2009.01.27"]

1. Nf3 Nf6 2. c4 e6 3. d4 c5 4. d5 b5 5. dxe6 fxe6 6. cxb5 d5 7. g3 Bd6 8. Bg2
O-O 9. O-O Nbd7 10. Nbd2 a6 11. b6 Nxb6 12. e4 Bc7 13. Qe2 Nfd7 14. exd5 exd5
15. Nb3 c4 16. Nbd4 Nf6 17. Ng5 Re8 18. Be3 h6 19. Nh3 Ne4 20. Nf4 Bxf4 21.
Bxf4 Qf6 22. Rad1 Ra7 23. Qe3 Rf7 24. Ne2 Bf5 25. Qc1 Na4 26. Rxd5 Nxb2 27.
Rxf5 Qxf5 28. Qxb2 Qb5 29. Qc2 Nc5 30. Nc3 1-0

[Event "Gibtelecom 2009 Masters"]
[Site "Gibraltar ENG"]
[Date "2009.02.04"]
[Round "9.25"]
[White "Maryasin, Boris"]
[Black "Devereaux, Maxim L"]
[Result "1/2-1/2"]
[WhiteElo "2340"]
[BlackElo "2437"]
[PlyCount "66"]
[EventDate "2009.01.27"]
[EventType "swiss"]
[EventRounds "9"]
[EventCountry "ENG"]
[Source "lmi"]
[SourceDate "2009.01.27"]

1. e4 e5 2. Nf3 Nc6 3. Bb5 a6 4. Ba4 Nf6 5. O-O Be7 6. Re1 b5 7. Bb3 d6 8. c3
O-O 9. h3 Rb8 10. d4 exd4 11. Nxd4 Nxd4 12. cxd4 c5 13. Nc3 Bb7 14. dxc5 dxc5
15. Bf4 Qxd1 16. Raxd1 Rbd8 17. e5 Nh5 18. Be3 c4 19. Bc2 g6 20. Bb6 Rxd1 21.
Rxd1 Bb4 22. Nd5 Bxd5 23. Rxd5 Nf4 24. Rd7 Rc8 25. Be3 Ne6 26. Ra7 Bc5 27. Rxa6
Bxe3 28. fxe3 Rc5 29. b4 Rxe5 30. Kf2 Rd5 31. Ke2 Rg5 32. Kf3 Rd5 33. Ke2 Rg5
1/2-1/2

[Event "Gibtelecom 2009 Masters"]
[Site "Gibraltar ENG"]
[Date "2009.02.04"]
[Round "9.30"]
[White "Socko, Monika"]
[Black "Rasch, Holger"]
[Result "1-0"]
[WhiteElo "2449"]
[BlackElo "2301"]
[PlyCount "121"]
[EventDate "2009.01.27"]
[EventType "swiss"]
[EventRounds "9"]
[EventCountry "ENG"]
[Source "lmi"]
[SourceDate "2009.01.27"]

1. d4 d5 2. c4 e6 3. Nf3 Nf6 4. Bg5 Nbd7 5. cxd5 exd5 6. Nc3 c6 7. e3 Be7 8.
Bd3 O-O 9. Qc2 Re8 10. O-O Nf8 11. Rab1 Nh5 12. Bxe7 Rxe7 13. b4 Rc7 14. b5 c5
15. dxc5 Rxc5 16. Qb3 b6 17. Na4 Rc7 18. Rbc1 Bb7 19. Rxc7 Qxc7 20. Nc3 Nf6 21.
Bf5 N8d7 22. Bxd7 Qxd7 23. Rd1 Qe7 24. h3 Rc8 25. Ne2 Rc5 26. Qa3 Ba8 27. Nfd4
Qc7 28. Nb3 Rc4 29. Nd2 Rc5 30. Nd4 Ne4 31. Nxe4 dxe4 32. Nb3 Rd5 33. Rc1 Qd8
34. Qxa7 Rd1+ 35. Rxd1 Qxd1+ 36. Kh2 Qd6+ 37. g3 Bd5 38. Nd4 g6 39. a4 Kg7 40.
a5 bxa5 41. Qxa5 h5 42. h4 Qc5 43. Qd8 Bc4 44. Qg5 Qb4 45. Qe5+ Kh7 46. Qxe4
Qb2 47. Qf4 Kg8 48. g4 hxg4 49. Kg3 Qb1 50. Kxg4 Qd1+ 51. Qf3 Qg1+ 52. Kf4 Qh2+
53. Qg3 Qh1 54. f3 Bd3 55. Kg5 Qc1 56. Qe5 Qe1 57. Qe7 f6+ 58. Kxf6 Qxh4+ 59.
Ke6 Qh5 60. Qe8+ Kg7 61. Kd6 1-0

[Event "Gibtelecom 2009 Masters"]
[Site "Gibraltar ENG"]
[Date "2009.02.04"]
[Round "9.32"]
[White "Bellon Lopez, Juan Manuel"]
[Black "Heinis, Vincent"]
[Result "1-0"]
[WhiteElo "2440"]
[BlackElo "2170"]
[PlyCount "93"]
[EventDate "2009.01.27"]
[EventType "swiss"]
[EventRounds "9"]
[EventCountry "ENG"]
[Source "lmi"]
[SourceDate "2009.01.27"]

1. d4 c5 2. e3 cxd4 3. exd4 d5 4. Nf3 Nc6 5. c3 Qc7 6. Na3 a6 7. Nc2 Bg4 8. Ne3
Bxf3 9. Qxf3 e6 10. Bd3 Bd6 11. Bd2 Nf6 12. Qh3 Ne4 13. Bxe4 dxe4 14. g4 g6 15.
Qg2 f5 16. gxf5 gxf5 17. Qg5 Qe7 18. Nc4 Bc7 19. Qh5+ Qf7 20. Qe2 b5 21. Ne3 e5
22. d5 Ne7 23. c4 f4 24. Nc2 bxc4 25. O-O-O O-O 26. Bb4 Bb6 27. Rhg1+ Ng6 28.
Bxf8 Rxf8 29. h4 Qf5 30. d6 Kh8 31. Rg5 Qe6 32. Qxe4 Bd8 33. Rgg1 Bxh4 34. f3
Rd8 35. Nd4 Qf6 36. Nf5 Bg3 37. Rh1 Qe6 38. Rh5 c3 39. bxc3 Qxa2 40. Rxh7+ Kxh7
41. Qb7+ Ne7 42. Qxe7+ Kg6 43. Qxd8 Qa3+ 44. Kc2 Qa2+ 45. Kd3 Kxf5 46. Qc8+ Kg6
47. Qc6 1-0

[Event "Gibtelecom 2009 Masters"]
[Site "Gibraltar ENG"]
[Date "2009.02.04"]
[Round "9.34"]
[White "Karim, Ismael"]
[Black "Jessel, Stephen"]
[Result "1-0"]
[WhiteElo "2407"]
[BlackElo "2296"]
[PlyCount "81"]
[EventDate "2009.01.27"]
[EventType "swiss"]
[EventRounds "9"]
[EventCountry "ENG"]
[Source "lmi"]
[SourceDate "2009.01.27"]

1. e4 e6 2. d4 d5 3. Nc3 Nf6 4. Bg5 Bb4 5. e5 h6 6. Bd2 Bxc3 7. bxc3 Ne4 8. Qg4
g6 9. Bc1 Nxc3 10. Bd3 Qe7 11. Bd2 Ne4 12. Bxe4 dxe4 13. Ne2 Bd7 14. Rb1 Bc6
15. h4 Na6 16. c4 O-O-O 17. Rh3 Kb8 18. Rhb3 Ka8 19. Qg3 Rd7 20. Kf1 Qd8 21.
Bc3 Rg8 22. Kg1 g5 23. h5 Qc8 24. Qe3 b6 25. R3b2 Qb7 26. Ng3 Rgd8 27. Ra1 Nb8
28. a4 Qa6 29. Qe2 Bb7 30. Nxe4 Bxe4 31. Qxe4+ Qb7 32. Qe3 Nc6 33. a5 Nxd4 34.
axb6 cxb6 35. c5 b5 36. Ba5 Rb8 37. Bb6 Qd5 38. Rd2 Rxb6 39. cxb6 Nf3+ 40. Qxf3
Qxf3 41. Rxd7 1-0

[Event "Gibtelecom 2009 Masters"]
[Site "Gibraltar ENG"]
[Date "2009.02.04"]
[Round "9.36"]
[White "Chapman, Terry P D"]
[Black "Dittmar, Peter"]
[Result "1/2-1/2"]
[WhiteElo "2251"]
[BlackElo "2382"]
[PlyCount "151"]
[EventDate "2009.01.27"]
[EventType "swiss"]
[EventRounds "9"]
[EventCountry "ENG"]
[Source "lmi"]
[SourceDate "2009.01.27"]

1. e4 c6 2. d3 d5 3. Nd2 Qc7 4. Ngf3 Bg4 5. h3 Bh5 6. Be2 e6 7. O-O Nf6 8. Re1
Be7 9. c3 O-O 10. Qc2 Nbd7 11. Bf1 Bd6 12. a4 a5 13. b3 Rfe8 14. Ba3 Bxa3 15.
Rxa3 e5 16. b4 Qd6 17. Rb1 axb4 18. Rxb4 Bxf3 19. Nxf3 dxe4 20. dxe4 Nc5 21.
Ra2 Ra7 22. Nd2 Qe7 23. Nb3 Nfd7 24. Nxc5 Nxc5 25. Bc4 Rea8 26. Kh2 g6 27. g3
Kg7 28. Kg2 h5 29. h4 Qd7 30. Kh2 Ra5 31. Kg2 Rd8 32. Rb1 Rda8 33. Rba1 Qg4 34.
f3 Qd7 35. Rd1 Qe7 36. Rda1 R8a7 37. Bb3 Ra8 38. Bc4 Qc7 39. Kh3 Rd8 40. Rd1
Raa8 41. Rg1 Qe7 42. Kg2 Rd7 43. Kh3 Rad8 44. a5 Rd6 45. Qf2 Rf6 46. Qe3 Ne6
47. Rga1 Qc5 48. Qe2 Qe7 49. a6 bxa6 50. Rxa6 Nc5 51. R6a5 Qd6 52. Kh2 Nd7 53.
Rd1 Qc7 54. Ra2 Nb6 55. Rxd8 Qxd8 56. Rd2 Rd6 57. Rxd6 Qxd6 58. Bb3 Qa3 59. Qd1
c5 60. Qc2 c4 61. Ba2 Qc5 62. Qe2 Na4 63. Kg2 Nxc3 64. Qxc4 Qxc4 65. Bxc4 f5
66. Bd3 Kf6 67. Kf2 Na4 68. Bb5 Nc5 69. exf5 gxf5 70. Be8 Ne6 71. f4 exf4 72.
Bxh5 Ke5 73. gxf4+ Nxf4 74. Be8 Kf6 75. Bd7 Nd3+ 76. Ke3 1/2-1/2

[Event "Gibtelecom 2009 Masters"]
[Site "Gibraltar ENG"]
[Date "2009.02.04"]
[Round "9.37"]
[White "Welling, Gerard"]
[Black "Peredy, Ferenc"]
[Result "1-0"]
[WhiteElo "2371"]
[BlackElo "2252"]
[PlyCount "93"]
[EventDate "2009.01.27"]
[EventType "swiss"]
[EventRounds "9"]
[EventCountry "ENG"]
[Source "lmi"]
[SourceDate "2009.01.27"]

1. e4 c5 2. d3 g6 3. g3 Bg7 4. Bg2 e5 5. Nc3 Ne7 6. Nh3 d6 7. O-O h6 8. f4 Nbc6
9. f5 gxf5 10. Qh5 Nd4 11. Rf2 Qc7 12. Be3 Be6 13. Raf1 Qd7 14. Nd5 Bxd5 15.
exd5 Rf8 16. c3 Nb5 17. Kh1 O-O-O 18. Ng1 Kb8 19. c4 Nd4 20. Bxd4 cxd4 21. Bh3
b5 22. b3 Qb7 23. Bxf5 Nxf5 24. Qxf5 Rd7 25. Nf3 Re7 26. Nd2 a6 27. Ne4 Qd7 28.
Qh5 bxc4 29. bxc4 Ka7 30. Qf5 Qd8 31. g4 Rb7 32. Qh5 f6 33. Qg6 Rbf7 34. Qf5
Re7 35. Rb2 Qd7 36. Rfb1 Qd8 37. a4 Rff7 38. a5 h5 39. Rb6 Rd7 40. gxh5 Bh6 41.
c5 dxc5 42. Nxc5 Rd6 43. Ne4 Rxb6 44. axb6+ Kb8 45. Qe6 Rd7 46. Nc5 Rxd5 47.
Qf7 1-0

[Event "Gibtelecom 2009 Masters"]
[Site "Gibraltar ENG"]
[Date "2009.02.04"]
[Round "9.38"]
[White "Hartvig, Ove Weiss"]
[Black "Calzetta Ruiz, Monica"]
[Result "0-1"]
[WhiteElo "2237"]
[BlackElo "2371"]
[PlyCount "98"]
[EventDate "2009.01.27"]
[EventType "swiss"]
[EventRounds "9"]
[EventCountry "ENG"]
[Source "lmi"]
[SourceDate "2009.01.27"]

1. e4 c5 2. Nf3 Nc6 3. d4 cxd4 4. Nxd4 g6 5. Nc3 Bg7 6. Be3 Nf6 7. f3 O-O 8.
Bc4 Qb6 9. a3 Ng4 10. fxg4 Bxd4 11. Nd5 Qc5 12. Qd3 Bxe3 13. Nxe3 Ne5 14. Qc3
Nxc4 15. Nd5 b5 16. b3 Bb7 17. bxc4 Bxd5 18. exd5 Rac8 19. O-O-O Qxc4 20. Qxc4
Rxc4 21. Rd2 Rfc8 22. h3 b4 23. axb4 Rxb4 24. Re1 Rcb8 25. Rd3 Rb1+ 26. Kd2
Rxe1 27. Kxe1 Rc8 28. Ra3 Rc5 29. c4 Rxc4 30. Rxa7 Re4+ 31. Kf2 d6 32. g5 Kg7
33. Kf3 Re5 34. h4 f5 35. g3 Kf7 36. Ra5 Re4 37. Ra8 Re5 38. Ra5 Re4 39. Ra8
Kg7 40. Ra7 h6 41. gxh6+ Kxh6 42. Rb7 Re5 43. Kf4 Kg7 44. g4 fxg4 45. Kxg4 Kf6
46. Rb5 e6 47. Rb8 Rxd5 48. Rf8+ Kg7 49. Rd8 Kf7 0-1

[Event "Gibtelecom 2009 Masters"]
[Site "Gibraltar ENG"]
[Date "2009.02.04"]
[Round "9.39"]
[White "Helin, Mikael"]
[Black "Erdelyi, Tamas"]
[Result "0-1"]
[WhiteElo "1974"]
[BlackElo "2152"]
[PlyCount "80"]
[EventDate "2009.01.27"]
[EventType "swiss"]
[EventRounds "9"]
[EventCountry "ENG"]
[Source "lmi"]
[SourceDate "2009.01.27"]

1. e4 c5 2. Nc3 Nc6 3. g3 g6 4. h3 Bg7 5. Bg2 Nf6 6. Nge2 O-O 7. O-O Rb8 8. f4
d6 9. g4 Nd7 10. d3 Nd4 11. Ng3 b5 12. e5 dxe5 13. f5 e6 14. f6 Bxf6 15. Nce4
Bg7 16. g5 Nf5 17. h4 Qb6 18. c4 Ba6 19. Nh1 Rbd8 20. b3 Nb8 21. Nf6+ Bxf6 22.
gxf6 bxc4 23. Nf2 cxd3 24. Qd2 c4 25. bxc4 Bxc4 26. Kh2 Rd4 27. Ne4 Rxe4 28.
Bxe4 Nd7 29. Ba3 Re8 30. Rab1 Qd4 31. Bxf5 exf5 32. Qg5 d2 33. Be7 Bxf1 34.
Rxf1 e4 35. h5 d1=Q 36. Rxd1 Qxd1 37. hxg6 hxg6 38. Qe3 Rc8 39. Qb3 Rc2+ 40.
Kg3 Qg4# 0-1

[Event "Gibtelecom 2009 Masters"]
[Site "Gibraltar ENG"]
[Date "2009.02.04"]
[Round "9.40"]
[White "De Groote, Ewoud"]
[Black "Leniart, Arkadiusz"]
[Result "1/2-1/2"]
[WhiteElo "2203"]
[BlackElo "2360"]
[PlyCount "62"]
[EventDate "2009.01.27"]
[EventType "swiss"]
[EventRounds "9"]
[EventCountry "ENG"]
[Source "lmi"]
[SourceDate "2009.01.27"]

1. e4 e5 2. Nf3 Nc6 3. Bb5 a6 4. Bxc6 dxc6 5. O-O Bg4 6. h3 h5 7. d3 Qf6 8. Be3
Bxf3 9. Qxf3 Qxf3 10. gxf3 Ne7 11. f4 exf4 12. Bxf4 O-O-O 13. Nd2 g5 14. Be5
Rg8 15. Kh1 Re8 16. Rg1 Bh6 17. Nc4 Ng6 18. Bg3 g4 19. hxg4 hxg4 20. Kg2 Nf4+
21. Bxf4 Bxf4 22. Rae1 g3 23. Kf3 gxf2 24. Kxf2 Bg5 25. Ref1 f5 26. Ke2 fxe4
27. d4 Bh6 28. Ne3 Ref8 29. Rxf8+ Rxf8 30. Rg4 Bf4 31. b3 Bxe3 1/2-1/2

[Event "Gibtelecom 2009 Masters"]
[Site "Gibraltar ENG"]
[Date "2009.02.04"]
[Round "9.41"]
[White "Salem, Ihab"]
[Black "Van Eijk, Sander"]
[Result "0-1"]
[WhiteElo "2171"]
[BlackElo "2355"]
[PlyCount "96"]
[EventDate "2009.01.27"]
[EventType "swiss"]
[EventRounds "9"]
[EventCountry "ENG"]
[Source "lmi"]
[SourceDate "2009.01.27"]

1. e4 c5 2. c3 g6 3. d4 cxd4 4. cxd4 d5 5. exd5 Nf6 6. Bb5+ Nbd7 7. Nc3 a6 8.
Qa4 Bg7 9. Nge2 O-O 10. Bxd7 Bxd7 11. Qb3 b5 12. O-O Bf5 13. Rd1 Qd7 14. Bg5
Rab8 15. a3 a5 16. Bxf6 Bxf6 17. Ng3 a4 18. Qb4 Rfc8 19. Nce4 Bg7 20. Nxf5 gxf5
21. Nd2 Bf8 22. Nf3 Qxd5 23. Rac1 e6 24. Qd2 Bg7 25. h4 Rxc1 26. Rxc1 Rd8 27.
Qg5 h6 28. Qe7 Qd7 29. Qxd7 Rxd7 30. Rc8+ Kh7 31. Rb8 Rd5 32. Rb7 Kg6 33. Kf1
Bxd4 34. Nxd4 Rxd4 35. Rxb5 Rxh4 36. Rb4 Rxb4 37. axb4 Kf6 38. Ke2 Ke5 39. Kd3
Kd5 40. Kc3 e5 41. b5 Kc5 42. b6 Kxb6 43. Kb4 h5 44. Kxa4 h4 45. Kb4 f4 46. f3
e4 47. fxe4 f3 48. gxf3 h3 0-1

[Event "Gibtelecom 2009 Masters"]
[Site "Gibraltar ENG"]
[Date "2009.02.04"]
[Round "9.42"]
[White "Arnott, Jonathan W"]
[Black "Carlhammar, Magnus"]
[Result "1/2-1/2"]
[WhiteElo "2117"]
[BlackElo "2351"]
[PlyCount "133"]
[EventDate "2009.01.27"]
[EventType "swiss"]
[EventRounds "9"]
[EventCountry "ENG"]
[Source "lmi"]
[SourceDate "2009.01.27"]

1. e4 c5 2. d3 Nc6 3. g3 d5 4. Nd2 Nf6 5. Bg2 g6 6. Ngf3 Bg7 7. O-O O-O 8. Re1
e5 9. exd5 Nxd5 10. Nc4 Re8 11. c3 Bf5 12. Ne3 Nxe3 13. Bxe3 b6 14. Qa4 Rc8 15.
Rad1 Qd7 16. Ng5 h6 17. Ne4 Qe6 18. f3 Qe7 19. Qc2 Red8 20. Qf2 Be6 21. Bf1 f5
22. Nd2 Qf7 23. a3 Rd7 24. f4 Rcd8 25. Bg2 Bd5 26. Nf3 exf4 27. Bxf4 g5 28. Ne5
Bxe5 29. Bxe5 Bxg2 30. Qxg2 Nxe5 31. Rxe5 Rxd3 32. Rxd3 Rxd3 33. Qe2 Rd8 34.
Re6 Rd1+ 35. Kf2 Rd2 36. Qxd2 Qxe6 37. Qd8+ Kg7 38. Qc7+ Qf7 39. Qe5+ Qf6 40.
Qc7+ Qf7 41. Qe5+ Qf6 42. Qc7+ Qf7 43. Qe5+ Kh7 44. Qd6 Qb3 45. Qd7+ Kg6 46.
Qc6+ Kf7 47. Qd7+ Kf6 48. Qd8+ Kg6 49. Qe8+ Qf7 50. Qc6+ Kh5 51. Qf3+ g4 52.
Qe2 Kg6 53. Qe5 Qd7 54. Qe3 Qc6 55. Qd2 Qf3+ 56. Kg1 Kh5 57. b3 Qc6 58. Qd8 Qe6
59. Qf8 Kg6 60. c4 Qe3+ 61. Kg2 Qxb3 62. Qe8+ Kf6 63. Qd8+ Ke6 64. Qe8+ Kd6 65.
Qd8+ Ke6 66. Qe8+ Kd6 67. Qd8+ 1/2-1/2

[Event "Gibtelecom 2009 Masters"]
[Site "Gibraltar ENG"]
[Date "2009.02.04"]
[Round "9.44"]
[White "Tate, Alan"]
[Black "Trent, Lawrence"]
[Result "1/2-1/2"]
[WhiteElo "2170"]
[BlackElo "2487"]
[PlyCount "93"]
[EventDate "2009.01.27"]
[EventType "swiss"]
[EventRounds "9"]
[EventCountry "ENG"]
[Source "lmi"]
[SourceDate "2009.01.27"]

1. e4 e5 2. Nf3 Nc6 3. Bc4 Bc5 4. c3 Nf6 5. d3 a6 6. Bb3 Ba7 7. h3 h6 8. Nbd2
O-O 9. O-O d6 10. Re1 Nh5 11. Nf1 Qf6 12. Ne3 Nf4 13. Ng4 Bxg4 14. hxg4 Nd8 15.
d4 Nde6 16. Be3 Rfd8 17. g3 Ng6 18. Kg2 exd4 19. cxd4 c5 20. g5 Nxg5 21. Nxg5
hxg5 22. Qh5 c4 23. Bxc4 Bxd4 24. Bxd4 Qxd4 25. Bd5 Qf6 26. Rac1 Rac8 27. Bxb7
Rc5 28. Rxc5 dxc5 29. Bd5 Ne5 30. Re3 g4 31. Rb3 c4 32. Rb7 g6 33. Qh4 g5 34.
Qh1 Kg7 35. Qc1 Qf3+ 36. Kg1 Kg6 37. Qc3 Rxd5 38. Rb6+ Kh7 39. exd5 Qd1+ 40.
Kg2 Qxd5+ 41. Kf1 Nd3 42. Kg1 Ne5 43. Kf1 Nd3 44. Rf6 Qh1+ 45. Ke2 Qe4+ 46. Kf1
Qh1+ 47. Ke2 1/2-1/2

[Event "Gibtelecom 2009 Masters"]
[Site "Gibraltar ENG"]
[Date "2009.02.04"]
[Round "9.45"]
[White "Bruno, Fabio"]
[Black "Perez Aleman, Pedro Tomas"]
[Result "1-0"]
[WhiteElo "2460"]
[BlackElo "2160"]
[PlyCount "103"]
[EventDate "2009.01.27"]
[EventType "swiss"]
[EventRounds "9"]
[EventCountry "ENG"]
[Source "lmi"]
[SourceDate "2009.01.27"]

1. Nf3 Nf6 2. c4 g6 3. Nc3 Bg7 4. g3 d6 5. Bg2 e5 6. d4 exd4 7. Nxd4 O-O 8. O-O
Nbd7 9. b3 Re8 10. Bb2 Nc5 11. Qc2 Qe7 12. Nd5 Nxd5 13. cxd5 Bxd4 14. Bxd4 Qxe2
15. Qc1 Qh5 16. Qf4 Bf5 17. Rfd1 h6 18. Bxc5 dxc5 19. Qxc7 Re4 20. d6 Rd4 21.
Rxd4 cxd4 22. Bd5 Rf8 23. d7 Qg5 24. Bxf7+ Kh8 25. Qe5+ Kh7 26. Qxd4 Rd8 27.
Be8 Qe7 28. Rd1 Bh3 29. Qd6 Qxd6 30. Rxd6 g5 31. f3 h5 32. Kf2 Kg7 33. Rg6+ Kf8
34. Rxg5 Bxd7 35. Bxd7 Rxd7 36. Rxh5 Rd2+ 37. Ke3 Rxa2 38. Rh8+ Kg7 39. Rb8 b6
40. Kf4 Rxh2 41. g4 Rb2 42. Kf5 Rxb3 43. Rb7+ Kf8 44. f4 a5 45. g5 Rb4 46. g6
Rc4 47. Rxb6 Kg7 48. Rb7+ Kg8 49. Ra7 a4 50. Kg5 Rb4 51. Ra6 Re4 52. Ra7 1-0

[Event "Gibtelecom 2009 Masters"]
[Site "Gibraltar ENG"]
[Date "2009.02.04"]
[Round "9.46"]
[White "Armbrust, Florian"]
[Black "Green, Andrew D"]
[Result "1-0"]
[WhiteElo "2321"]
[BlackElo "2136"]
[PlyCount "53"]
[EventDate "2009.01.27"]
[EventType "swiss"]
[EventRounds "9"]
[EventCountry "ENG"]
[Source "lmi"]
[SourceDate "2009.01.27"]

1. e4 Nf6 2. Nc3 d5 3. e5 Nfd7 4. f4 e6 5. d4 c5 6. Nce2 cxd4 7. Nxd4 Nc6 8.
Ngf3 Nxd4 9. Nxd4 Nb8 10. Bd3 Nc6 11. c3 Bc5 12. Nb3 Bb6 13. Qe2 O-O 14. Be3 d4
15. cxd4 Ba5+ 16. Bd2 Bb6 17. Be3 Ba5+ 18. Kf2 Bb6 19. Rhd1 f6 20. Kg1 g5 21.
exf6 gxf4 22. Qg4+ Kf7 23. Bxf4 Bxd4+ 24. Nxd4 Qxd4+ 25. Kh1 Rg8 26. Qh5+ Kxf6
27. Bxh7 1-0

[Event "Gibtelecom 2009 Masters"]
[Site "Gibraltar ENG"]
[Date "2009.02.04"]
[Round "9.47"]
[White "Ripari, Marcelo"]
[Black "Ogada-Osir, Ibrahim Okinyi"]
[Result "1-0"]
[WhiteElo "2313"]
[BlackElo "2110"]
[PlyCount "81"]
[EventDate "2009.01.27"]
[EventType "swiss"]
[EventRounds "9"]
[EventCountry "ENG"]
[Source "lmi"]
[SourceDate "2009.01.27"]

1. e4 e5 2. Nf3 Nc6 3. Nc3 Nf6 4. d4 exd4 5. Nxd4 Bb4 6. Nxc6 bxc6 7. Bd3 d5 8.
exd5 cxd5 9. O-O O-O 10. Bg5 c6 11. Qf3 Bd6 12. Rae1 Rb8 13. Nd1 Bg4 14. Bxf6
Bxf3 15. Bxd8 Bxd1 16. Be7 Bxe7 17. Rxe7 Bg4 18. f3 Be6 19. b3 a5 20. f4 Rfe8
21. Ra7 Ra8 22. Rxa8 Rxa8 23. f5 Bd7 24. f6 g6 25. Re1 Re8 26. Rxe8+ Bxe8 27.
c4 Bd7 28. Kf2 Be6 29. c5 Kf8 30. Ke3 Ke8 31. Kf4 h6 32. h4 Kd7 33. Ke5 Bg4 34.
a3 Bd1 35. b4 axb4 36. axb4 Ba4 37. g3 Bb3 38. Bf1 Ba2 39. Bh3+ Ke8 40. b5 cxb5
41. c6 1-0

[Event "Gibtelecom 2009 Masters"]
[Site "Gibraltar ENG"]
[Date "2009.02.04"]
[Round "9.48"]
[White "Bok, Benjamin"]
[Black "Almond, Richard J"]
[Result "1-0"]
[WhiteElo "2277"]
[BlackElo "2126"]
[PlyCount "95"]
[EventDate "2009.01.27"]
[EventType "swiss"]
[EventRounds "9"]
[EventCountry "ENG"]
[Source "lmi"]
[SourceDate "2009.01.27"]

1. e4 d5 2. exd5 Qxd5 3. Nc3 Qa5 4. d4 c6 5. Nf3 Nf6 6. Bd2 Bf5 7. Bc4 e6 8.
Nd5 Qd8 9. Nxf6+ gxf6 10. c3 Nd7 11. Nh4 Bg6 12. Qf3 Qc7 13. O-O Bd6 14. g3
O-O-O 15. b4 Rhg8 16. Rfe1 f5 17. Bg5 Rde8 18. Ng2 Be7 19. Bf4 Bd6 20. h4 Nf6
21. Bxd6 Qxd6 22. Nf4 h6 23. a4 Ne4 24. Rac1 Bh7 25. Kh1 Rg4 26. Rxe4 Rxh4+ 27.
gxh4 fxe4 28. Qe3 f6 29. Rg1 e5 30. Qh3+ f5 31. Ne2 exd4 32. Nxd4 Qf6 33. Qg3
e3 34. fxe3 Re4 35. Be6+ Rxe6 36. Nxe6 Qxe6 37. Qf4 Bg8 38. Kh2 Bf7 39. Rf1 Bg6
40. Rf2 Bh7 41. Qd4 Bg8 42. Rd2 Qe7 43. Rg2 Bd5 44. Rg7 Qf8 45. Qe5 Qd8 46.
Qxf5+ Kb8 47. Qf4+ Ka8 48. Rg6 1-0

[Event "Gibtelecom 2009 Masters"]
[Site "Gibraltar ENG"]
[Date "2009.02.04"]
[Round "9.50"]
[White "Dunn, Andrew"]
[Black "Fairbairn, Stephen"]
[Result "1/2-1/2"]
[WhiteElo "2216"]
[BlackElo "2068"]
[PlyCount "73"]
[EventDate "2009.01.27"]
[EventType "swiss"]
[EventRounds "9"]
[EventCountry "ENG"]
[Source "lmi"]
[SourceDate "2009.01.27"]

1. d4 d6 2. c4 g6 3. Nc3 e5 4. dxe5 dxe5 5. Qxd8+ Kxd8 6. e4 c6 7. Nf3 f6 8.
Be3 Be6 9. Be2 Nh6 10. h3 Nf7 11. O-O Nd7 12. Rfd1 Kc7 13. Rac1 b6 14. Ne1 Kb7
15. Rc2 Bc5 16. Rcd2 Rad8 17. Nc2 Bxe3 18. Nxe3 Nb8 19. Bg4 Bc8 20. b4 Rxd2 21.
Rxd2 Rd8 22. Rxd8 Nxd8 23. b5 Bxg4 24. Nxg4 Nd7 25. Kf1 h5 26. Ne3 Kc7 27. Ke2
Kd6 28. g3 Ne6 29. bxc6 Nd4+ 30. Kd3 Nc5+ 31. Kd2 Nxc6 32. Ned5 Nd7 33. h4 Ke6
34. Nc7+ Ke7 35. N7d5+ Ke6 36. Nc7+ Ke7 37. N3d5+ 1/2-1/2

[Event "Gibtelecom 2009 Masters"]
[Site "Gibraltar ENG"]
[Date "2009.02.04"]
[Round "9.51"]
[White "Gandrud, Vegar Koi"]
[Black "Kandic, Milan"]
[Result "1-0"]
[WhiteElo "2046"]
[BlackElo "2208"]
[PlyCount "119"]
[EventDate "2009.01.27"]
[EventType "swiss"]
[EventRounds "9"]
[EventCountry "ENG"]
[Source "lmi"]
[SourceDate "2009.01.27"]

1. d4 d6 2. c4 e5 3. d5 f5 4. Nc3 Nf6 5. Bg5 Be7 6. Bxf6 Bxf6 7. e4 O-O 8. Nf3
f4 9. Be2 Kh8 10. Qc2 a6 11. h3 Qe8 12. O-O-O b5 13. cxb5 Nd7 14. Nd2 Nb6 15.
Kb1 Qg6 16. Rhg1 axb5 17. Bxb5 Ba6 18. Bc6 Ra7 19. Nb5 Bxb5 20. Bxb5 Rb8 21.
Bc6 Ra5 22. Nb3 Ra7 23. g3 Qf7 24. h4 Qe7 25. Rh1 Na4 26. Rd3 Rb4 27. Rf3 Qd8
28. Rc1 Qb8 29. a3 Rb6 30. Bxa4 Rxa4 31. Nc5 dxc5 32. Qxa4 Rxb2+ 33. Ka1 Be7
34. Qc4 Rb6 35. Qc2 Qa7 36. Ka2 Bd6 37. Rb1 h6 38. Rxb6 cxb6 39. Rb3 fxg3 40.
fxg3 Qa4 41. Rb2 Qa6 42. a4 Kh7 43. Rb5 Bc7 44. Kb3 Qc8 45. Qf2 Kg6 46. a5 bxa5
47. Rxc5 Qb8+ 48. Ka2 Kh7 49. Qf5+ Kh8 50. Qd7 Qb4 51. Rxc7 Qd2+ 52. Kb3 Qb4+
53. Kc2 Qxe4+ 54. Kd2 Qg2+ 55. Kc3 Qxg3+ 56. Kc4 Qxh4+ 57. Kc5 Qd4+ 58. Kc6
Qc4+ 59. Kb7 Qb3+ 60. Ka8 1-0